000
00318nam a22001337a 4500
008
181009b xxu||||| |||| 00| 0 eng d
020
_a
9780801679223
041
_a
eng
080
_2
3rd
_a
610
100
_a
4
101
_a
SHM
245
_a
Therapeutic Modalities in Sports Medicine
_c
Prentice,W.E
942
_2
udc
_c
BK
999
_c
49100
_d
49100